书目信息 |
| 题名: |
唐山抗震纪念馆
|
|
| 作者: | ;河北省爱国主义教育基地资料丛书编委会 编 | |
| 分册: | ||
| 出版信息: | 石家庄 河北人民出版社 1998 |
|
| 页数: | 65页 | |
| 开本: | 20cm | |
| 丛书名: | 河北省爱国主义教育基地资料丛书 | |
| 单 册: | ||
| 中图分类: | G268.1 | |
| 科图分类: | ||
| 主题词: | 博物馆学 , 博物馆事业 | |
| 电子资源: | ||
| ISBN: | 7-202-02286-9 | |
| 000 | 00847nam0 2200229 450 | |
| 001 | 0634880906 | |
| 005 | 20061020094310.14 | |
| 010 | @a7-202-02286-9@d5.00。6 | |
| 100 | @a20061020d1998 km y0chiy0120 ea | |
| 101 | 0 | @achi |
| 102 | @aCN@b130000 | |
| 200 | 1 | @a唐山抗震纪念馆@Atang shan kang zhen ji nian guan@f河北省爱国主义教育基地资料丛书编委会编@Fhe bei sheng ai guo zhu yi jiao yu ji di zi liao cong shu bian wei hui bian |
| 210 | @a石家庄@c河北人民出版社@d1998 | |
| 215 | @a65页@d20cm | |
| 225 | @a河北省爱国主义教育基地资料丛书 | |
| 410 | 0 | @12001 @a河北省爱国主义教育基地资料丛书 |
| 606 | 0 | @a博物馆学 |
| 606 | 0 | @a博物馆事业 |
| 690 | @aG268.1@v3 | |
| 711 | 0 | @a河北省爱国主义教育基地资料丛书编委会@Ahe bei sheng ai guo zhu yi jiao yu ji di zi liao cong shu bian wei hui@4编 |
| 801 | 0 | @aCN@bPFT@c20061020 |
| 905 | @a10447@dG268.1@e5 | |
| 唐山抗震纪念馆/河北省爱国主义教育基地资料丛书编委会编.-石家庄:河北人民出版社,1998 |
| 65页;20cm.-(河北省爱国主义教育基地资料丛书) |
| ISBN 7-202-02286-9:5.00。6 |
| ● |
| 相关链接 |
|
|
|
|
正题名:唐山抗震纪念馆
索取号:G268.1/5
 
预约/预借
| 序号 | 登录号 | 条形码 | 馆藏地/架位号 | 状态 | 备注 |
| 1 | 0504137 | 205041373 | 第一样本阅览室/ [索取号:G268.1/5] | 在馆 |